Pokémon - Les talents signatures par ordre alphabétique - Statistiques

Statistiques générales
  • Ce quiz a été pris 29 fois
    28 depuis la dernière actualisation
  • Le résultat moyen est 81 sur 123
Statistiques - réponses
Talent Réponse % Correct
Déclic Tactique Exagide
95%
Banc Froussardine
95%
Amour Filial Méga-Kangourex
95%
Air Lock Rayquaza
95%
Aura Féérique Xerneas
95%
Aura Ténébreuse Yveltal
95%
Aquabulle Araqua | Tarenbulle
90%
Multitype Arceus
90%
Mauvais Rêve Darkrai
90%
Mode Transe Darumacho | Darumacho de Galar
90%
Libéro Flambino | Lapyro | Pyrobut
90%
Ailes Bourrasque Passerouge | Braisillon | Flambusard
90%
Terre Finale Primo-Groudon
90%
Mer Primaire Primo-Kyogre
90%
Illusion Zorua | Zorua de Hisui | Zoroark | Zoroark de Hisui
90%
Épée du Fléau Baojian
86%
Bien Cuit Briochien
86%
Bois du Fléau Chongjian
86%
Expuls'Organes Concombaffe
86%
Corps en Or Gromago
86%
Animacœur Magearna
86%
Force Pure Méditikka | Charmina | Méga-Charmina
86%
Souffle Delta Méga-Rayquaza
86%
Garde Mystik Munja
86%
Punk Rock Salarsen
86%
Général Suprême Scalpereur
86%
Téramorphose | Téra-Carapace | Téraformation 0 Terapagos (Forme Normale - Téracristal - Stellaire)
86%
Perles du Fléau Yuyu
86%
Lame Indomptable Zacian
86%
Défaitiste Arkéapti | Aéroptéryx
81%
Tête de Gel Bekaglaçon
81%
Blanche Ruade Blizzeval
81%
Urne du Fléau Dinglu
81%
Absorbe-Terre Ferdeter
81%
Dépôt Toxique Germéclat | Floréclat
81%
Pouls Orichalque Koraidon
81%
Bouclier-Carcan Météno
81%
Fantômasque Mimiqui
81%
Moteur à Hadrons Miraidon
81%
Météo Morphéo
81%
Danseuse Plumeline
81%
Repli Tactique Sarmuraï
81%
Normalise Skitty | Delcatty
81%
Gaz Inhibiteur Smogo | Smogogo | Smogogo de Galar
81%
Sombre Ruade Spectreval
81%
Momie Tutafeh | Tutankafer
81%
Victorieux Victini
81%
Aura Inversée Zygarde
81%
Hypersommeil Dodoala
76%
Sel Purificateur Selutin | Amassel | Gigansel
76%
Poing Invisible Shifours
76%
Osmose Équine Sylveroy
76%
Égide Inflexible Zamazenta
76%
Rassemblement Zygarde
76%
Sable Humide Bacabouh | Trépassable
71%
Turbine Charbi | Wagomine | Monthracite
71%
Imposteur Métamorph
71%
Hydrata-Son Otaquin | Otarlette | Oratoria
71%
Surf Caudal Raichu d'Alola
71%
Escampette Sovkipou
71%
Frein Ténéfix
71%
Grecharge Ampibidou
67%
Expul'Sable Dunaja | Dunaconda
67%
Commandant Nigirigon
67%
Prestance Royale Sucreine
67%
Supermutation Superdofin
67%
Ramasse Ball Voltoutou
67%
Synergie Amphinobi
62%
Toison Herbue Cabriolaine | Chevroum
62%
Batterie Chrysapile
62%
Corps Coloré Denticrisse
62%
Thermodynamique Frigodo | Cryodo | Glaivodo
62%
Rage Poison Mangriff
62%
Peau Électrique Racaillou d'Alola | Gravalanch d'Alola | Grolem d'Alola
62%
Mèche Rebelle Taupiqueur d'Alola | Triopikeur d'Alola
62%
Rage Brûlure Baudrive | Grodrive
57%
Longue Portée Brindibou | Efflèche | Archéduc
57%
Corps Condamné Corayôme
57%
Armure Miroir Corvaillus
57%
Prioguérison Guérilande
57%
Prisme-Armure Necrozma
57%
Système Alpha Silvallié
57%
Semencier Arboliva
52%
Don Floral Ceriflor
52%
Courroupace Craparoi
52%
Cercle d'Énergie Dolman
52%
Écailles Glacées Frissonille | Beldeneige
52%
Porte-Roche Lestombaile
52%
Spectro-Bouclier Lunala
52%
Déclic Fringale Morpeko
52%
Dégobage Nigosier
52%
Emprise Toxique Pêchaminus
52%
Aux Petits Soins Poltchageist | Théffroyable
52%
Nectar Mielleux Pomdramour | Pomdorochi
52%
Transistor Regieleki
52%
Âme Vagabonde Tutafeh de Galar | Tutétékri
52%
Cruauté Vorastérie | Prédastérie
52%
Entêtement Darumacho de Galar
48%
Tir Vif Flagadoss de Galar
48%
Odeur Tenace Fragroin (mâle uniquement)
48%
Métallo-Garde Solgaleo
48%
Opportuniste Cléopsytra
43%
Armure Caudale Farigiraf
43%
Homochromie Kecleon
43%
Voile Pastel Ponyta de Galar | Galopa de Galar
43%
Dent de Dragon Regidrago
43%
Œil Révélateur Ursaking (Lune Vermeille)
43%
Turbine Éolienne Zapétrel | Fulgulairo
43%
Boost Acier Berserkatt
38%
Brise-Barrière M. Mime de Galar | M. Glaquette
38%
Expert Acier Sinistrail
38%
Force Fongique Terracool | Terracruel
38%
Collab Flamenroule
33%
Receveur Quartermac
33%
Breuvage Suspect Roigada de Galar
33%
Mûrissement Verpom | Pomdrapi | Dratatin
33%
Propulseur Embrochet | Hastacuda
29%
Effilochage Tournicoton | Blancoton
29%
Cérébro-Force Ultra-Necrozma
29%
Nerfs d'Acier Duralugon | Pondralugon
24%
Force Mémorielle Ogerpon (Forme Téracristallisée)
24%
Mimétisme Limonde de Galar
19%
Osmose Tadmorv d'Alola | Grotadmorv d'Alola
19%
Aucun quiz correspondant
Distribution des résultats
% des personnes avec chaque résultat
Percentile par nombre de réponses
Votre historique - résultats
Vous n’avez pas pris ce quiz depuis la dernière actualisation